000 00492nam a2200157 i 4500
001 50294
003 ES-MaACL
007 t|
008 030801s1908 fr ||||1| fre d
100 1 _aCrouzet, Paul.
_941737
245 1 0 _aGrammaire latine simple et complete pour toutes classes
_b: (1er et 2e cycles) de l'ensengnement secondaire /
_cPaul Crouzet.
250 _a24eme ed.
260 _aToulouse :
_bEdouard Privat,
_c1908.
300 _aIX, 150 p. ;
_c18 cm.
852 _aES-MaACL
_jB-7781
999 _c50294
_d50294